Medicina Legal e Noė̳s de Criminals̕tica

Detalles Bibliográficos
Autor principal: Bittar, Neusa
Formato: eBook
Lenguaje:portugués
Publicado: Indaiatuba: Editora Foco, 2021
Materias:
Acceso en línea:Acceso restringido

MARC

LEADER 00000nam a22000007a 4500
005 20220502224815.0
007 cr|||| |||
008 220502s2021 br |||||s|||| 00||0 por d
020 |a 978-65-5515-295-1 
035 |a 36240 
040 |a vLex 
090 |c 13259  |d 13259 
100 1 |a Bittar, Neusa 
245 1 0 |a Medicina Legal e Noė̳s de Criminals̕tica  |h [Recurso electrn̤ico] /  |c Neusa Bittar 
256 |a Servicio en ln̕ea 
260 |a Indaiatuba:  |b Editora Foco,  |c 2021 
300 |a 1 recurso electrn̤ico 
506 1 |a Disponible solo en los productos indicados  |d vLex Global  |d vLex Global (Academic Edition, excluding Law Schools)  |d vLex Global (U.S. Academic Edition, Law Schools)  |d vLex Global (U.S. Academic Edition, excluding Law Schools)  |d vLex Global (Academic Edition, Law Schools) 
650 0 4 |a Derecho Pb︢lico y Administrativo  |z Brasil 
650 0 4 |a Derecho Penal  |z Brasil 
740 0 |a vLex Libros (Servicio en ln̕ea) 
856 4 0 |u https://app.vlex.com/#/sources/36240  |z Acceso restringido 
942 |c BOOK 
999 0 |a Public and Administrative Law 
999 0 |a Criminal Law